Pflegetechniken heute : Pflegehandeln Schritt für Schritt verstehen

Saved in:
Bibliographic Details
Main Authors Brandt, Ina (Author, Editor), Asmussen-Clausen, Maren (Author), Bilen, Erika (Author), Brandstätter, Michaela (Author), Bürger-Mildenberger, Annerose (Author), Fröhlich, Andreas, 1972- (Author), Gies, Mareike (Author), Hertlein, Rosi (Author), Knüppel, Renate (Author), Panfil, Eva-Maria (Author), Protz, Kerstin (Author), Menche, Nicole (Author), Röhm-Kleine, Sylvia (Author), Schädle, Walter (Author), Bähr, Christine (Author), Blaser, Gisela (Author), Dammshäuser, Birgit (Author), Nydahl, Peter, 1963- (Author), Palte, Heike (Author)
Format Book
LanguageGerman
Published München : Elsevier, Urban & Fischer, 2010
Edition2., vollständig überarbeitete Auflage
Subjects
ISBN978-3-437-27091-8
Physical Descriptionxii, 458 stran : barevné ilustrace ; 24 cm

Cover

LEADER 00000nam a2200000 i 4500
001 115741
003 CZ ZlUTB
005 20260601085353.0
007 ta
008 260601s2010 gw a e fp 001 0 ger d
020 |a 978-3-437-27091-8  |q (brožováno) 
040 |a ZLD002  |b cze  |e rda 
072 7 |a 616  |x Patologie. Klinická medicína  |2 Konspekt  |9 14 
072 7 |a 37.016  |x Učební osnovy. Vyučovací předměty. Učebnice  |2 Konspekt  |9 22 
080 |a 616-083  |2 MRF 
080 |a (075)  |2 MRF 
080 |a (035)  |2 MRF 
245 0 0 |a Pflegetechniken heute :  |b Pflegehandeln Schritt für Schritt verstehen /  |c Herausgegeben von: Ina Brandt ; mit Texbeiträgen von: Maren Asmussen-Clausen, Erika Bilen, Michaela Brandstätter, Annerose Bürger-Mildenberger, Andreas Fröhlich, Mareike Gies, Rosi Hertlein, Renate Knüppel, Eva Maria Panfil, Ina Brandt, Kerstin Protz, Nicole Menche, Sylvia Röhm-Kleine, Walter Schädle ; unter Mitarbeit von: Christine Bähr, Gisela Blaser, Birgit Dammshäuser, Peter Nydahl, Heike Palte 
250 |a 2., vollständig überarbeitete Auflage 
264 1 |a München :  |b Elsevier, Urban & Fischer,  |c 2010 
300 |a xii, 458 stran :  |b barevné ilustrace ;  |c 24 cm 
336 |a text  |b txt  |2 rdacontent 
337 |a bez média  |b n  |2 rdamedia 
338 |a svazek  |b nc  |2 rdacarrier 
500 |a "mit dem Plus im Web"--Obálka 
500 |a Obsahuje přístupový kód k online materiálům 
504 |a Obsahuje bibliografii a rejstříky 
650 0 7 |a ošetřovatelská péče  |7 ph162660  |x metody  |2 czenas 
650 0 9 |a nursing care  |x methods  |2 eczenas 
655 7 |a učebnice  |7 fd133770  |2 czenas 
655 7 |a příručky  |7 fd133209  |2 czenas 
655 9 |a textbooks  |2 eczenas 
655 9 |a handbooks and manuals  |2 eczenas 
700 1 |a Brandt, Ina  |4 aut  |4 edt 
700 1 |a Asmussen-Clausen, Maren  |4 aut 
700 1 |a Bilen, Erika  |4 aut 
700 1 |a Brandstätter, Michaela  |4 aut 
700 1 |a Bürger-Mildenberger, Annerose  |4 aut 
700 1 |a Fröhlich, Andreas,  |d 1972-  |7 mub20181010918  |4 aut 
700 1 |a Gies, Mareike  |4 aut 
700 1 |a Hertlein, Rosi  |4 aut 
700 1 |a Knüppel, Renate  |4 aut 
700 1 |a Panfil, Eva-Maria  |7 xx0114397  |4 aut 
700 1 |a Protz, Kerstin  |4 aut 
700 1 |a Menche, Nicole  |4 aut 
700 1 |a Röhm-Kleine, Sylvia  |4 aut 
700 1 |a Schädle, Walter  |4 aut 
700 1 |a Bähr, Christine  |4 aut 
700 1 |a Blaser, Gisela  |4 aut 
700 1 |a Dammshäuser, Birgit  |4 aut 
700 1 |a Nydahl, Peter,  |d 1963-  |7 mub2015863418  |4 aut 
700 1 |a Palte, Heike  |4 aut 
710 2 |a Elsevier (firma)  |7 kn20090615020  |4 pbl 
910 |a ZLD002 
928 9 |a Urban & Fischer 
942 |2 udc 
952 |0 0  |1 0  |4 0  |5 0  |6 616PFLEGETECHNIKEN  |7 0  |8 BOOK  |9 191384  |a UTBZL  |b UTBZL  |c 005  |d 2026-06-01  |l 0  |o 616/PFLEGETECHNIKEN  |p 420010201497  |r 2026-06-01 08:54:49  |v 417.00  |w 2026-06-01  |x N:nákup  |y 01 
992 |a BK  |b SKNEW 
999 |c 115741  |d 115741